Statistics for The Heart Quiz

Click here to take the quiz!

General Stats

  • This quiz has been taken 41,693 times
    (11,148 since last reset)
  • The average score is 14 of 20

Answer Stats

ClueAnswer% Correct
Alice in Wonderland characterQueen of Hearts
87%
Acid refluxHeartburn
85%
Medal for wounded soldiersPurple Heart
85%
... and hope to dieCross my Heart
83%
Term for a celebrity beloved
by teenage girls
Heartthrob
83%
Titanic theme songMy Heart Will Go On
80%
Myocardial infarctionHeart Attack
79%
Nickname of Richard ILionheart
79%
Absence makes the ...Heart Grow Fonder
77%
The middle part of AmericaHeartland
74%
Mel Gibson's filmBraveheart
71%
Billy Ray Cyrus songAchy Breaky Heart
70%
Sgt. Pepper's Club BandLonely Hearts
67%
Parasite that affects dogsHeartworm
65%
Christiaan Barnard performed
the first, in 1967
Heart Transplant
62%
What Fredo did to MichaelBroke his Heart
56%
Empathetic liberalBleeding Heart
54%
Blondie songHeart of Glass
46%
Joseph Conrad novelHeart of Darkness
41%
Edgar Allan Poe storyThe Tell-Tale Heart
41%

Score Distribution

Percentile by Number Answered

Percent of People with Each Score

Your Score History

You have not taken this quiz since the last reset